000 00818nam a2200253 a 4500
001 000023939
005 20200930022603.0
008 110117s1979 ag r 000 0 spa d
040 _aDO-SdBNP
_bspa
_cBNPHU
041 1 7 _aspa
_hfre
_2Código de idiomas MARC
082 _a181.45
_bB554y, 1979
100 1 _aBesant, Annie,
_d1847-1933
_949248
245 1 3 _aEl yoga :
_bseguido de el hombre perfecto /
_cAnnie Besant ; traducido por D. Luis Aguilera.
250 _a3a ed.
260 _aBuenos Aires :
_bKier,
_c1979.
300 _a122, [1] p. ;
_c20 cm.
490 1 _aMiscelánea
504 _aIncluye referencias bibliográficas y notas al pie de las páginas.
650 4 _aYoga
_9685
650 4 _aYoterapia
_949249
700 1 _aAguilera, D. Luis,
_etr.
_949250
830 0 _aMiscelánea
_949251
049 _aBNGR
999 _c23435
_d23435